| 000 | 01572cam a22005174i 4500 | ||
|---|---|---|---|
| 003 | PE-LiUPU | ||
| 005 | 20250731180156.0 | ||
| 008 | 150616s r 000 0 d | ||
| 020 | _a087784500X | ||
| 035 | _a(Sirsi) i9780877845003 | ||
| 040 |
_aPE-LiUPU _bspa _cPE-LiUPU _erda |
||
| 049 | _aPRUA | ||
| 082 | 0 | 4 |
_a509.032 _bH93 _221 |
| 100 | 1 |
_aHummel, Charles E., _eautor. |
|
| 245 | 1 | 4 | _aThe Galileo Connection. |
| 264 | 1 |
_aIllinois : _bInterVarsity Press, _c1986. |
|
| 300 |
_a292 páginas ; _c21 centímetros |
||
| 336 |
_atext _2rdacontent |
||
| 337 |
_aunmediated _2rdamedia |
||
| 338 |
_avolume _2rdacarrier |
||
| 505 | 0 | _aThe scientific perspective.- The biblical perspective.- Conflicts and reconciliation. | |
| 526 | _aSEG44 | ||
| 526 | _aSEG26 | ||
| 526 | _aP159 | ||
| 526 | _aP155 | ||
| 526 | _aP154 | ||
| 526 | _aP153 | ||
| 526 | _aP150 | ||
| 526 | _aP100 | ||
| 526 | _aP31 | ||
| 526 | _aP30 | ||
| 526 | _aP26 | ||
| 526 | _aP25 | ||
| 526 | _aP24 | ||
| 526 | _aP22 | ||
| 526 | _aP15 | ||
| 526 | _aP10 | ||
| 650 | 0 | 4 | _aCIENCIA MEDIEVAL. |
| 910 |
_ajck _bjvq _cjck |
||
| 942 |
_2ddc _cBOOK |
||
| 949 |
_a509.032 H93 _wDEWEY _c1 _i42182 _lCCODEBUL1 _mBUL _r0 _sY _tBOOK _u2015-6-16 _xTEOLOGIA _zUNKNOWN _0COMPRA _o.STAFF. Colección General |
||
| 994 |
_aC0 _bPEPRU |
||
| 596 | _a1 | ||
| 999 |
_a509.032 H93 _wDEWEY _c59873 _i42182 _f2021-11-5 _g5 _lCCODEBUL1 _mBUL _r0 _sY _tBOOK _u2015-6-16 _xBIBLIOTECA _zUNKNOWN _0COMPRA _o.STAFF. Colección General _d59873 |
||
| 980 |
_81 _gALBERTO SANCHEZ Responsable de Automatización |
||